=LDR 00000nam 2200000 4500 =001 INLIS000000000040327 =005 20130612145909 =008 ***********************************Ind** =035 ##$$0010-061300000040327 =041 ##$$a Ind =082 ##$$a 635.21 =090 ##$$a 635.21, Set b =100 ##$$a Setiadi =245 ##$$a Budidaya kentang/Setiadi =260 ##$$a 2009 $b Jakarta =300 ##$$a 156 hlm., ilus., 26 cm =650 ##$$a Kentang, Budidaya =850 ##$$a NBPNMAT